|
|
|
|
| LEADER |
01580nam a2200361 a 4500 |
| 001 |
5573 |
| 003 |
BD-DhAAL |
| 005 |
20151010150554.0 |
| 008 |
151010s1992 coub b 001 0 eng |
| 010 |
|
|
|a 91034127
|
| 020 |
|
|
|a 0813313880
|
| 020 |
|
|
|a 0813313732 (acidfree paper) :
|c $11.95
|
| 040 |
|
|
|a DLC
|c DLC
|d UKM
|d BD-DhAAL
|
| 050 |
0 |
0 |
|a DS519.1
|b .P273 1992
|
| 082 |
0 |
0 |
|a 950
|2 20
|
| 100 |
1 |
|
|a Borthwick, Mark.
|9 15242
|
| 245 |
1 |
4 |
|a The Pacific century :
|b faculty manual /
|c Mark Borthwick and Gil Latz, with contributions by Andrea Asbell, Blaine Erickson, and Paul Anton.
|
| 260 |
|
|
|a Boulder, Colo. :
|b Westview Press,
|c c1992.
|
| 300 |
|
|
|a ix, 158 p. :
|b maps ;
|c 23 cm.
|
| 500 |
|
|
|a "Published in cooperation with the Pacific Basin Institute in conjunction with the Annenberg/CPB Project."
|
| 500 |
|
|
|a "This book was developed for use with The Pacific century college-level telecourse"--T.p. verso.
|
| 504 |
|
|
|a Includes bibliographical references and index.
|
| 541 |
|
|
|e 5573
|
| 651 |
|
0 |
|a East Asia
|x Politics and government.
|9 14053
|
| 651 |
|
0 |
|a Southeast Asia
|x Politics and government
|y 1945-
|9 6714
|
| 651 |
|
4 |
|a East Asia
|x Politics and government.
|9 14053
|
| 651 |
|
4 |
|a Asia, Southeastern
|x Politics and government
|y 1945-
|9 15243
|
| 653 |
0 |
|
|a Politics
|a History
|
| 653 |
0 |
|
|a Pacific region
|
| 700 |
1 |
|
|a Latz, Gil,
|d 1952-
|9 15244
|
| 942 |
|
|
|2 ddc
|c BK
|
| 999 |
|
|
|c 35738
|d 35738
|
| 952 |
|
|
|0 0
|1 0
|2 ddc
|4 0
|6 950_000000000000000_BOR
|7 0
|9 56202
|a SCL
|b SCL
|c GEN
|d 2015-10-10
|e Gift: The Asia Foundation
|l 1
|o 950 BOR
|p 3020005573
|r 2018-10-07
|s 2018-09-30
|t 1
|w 2015-10-10
|y BK
|